[Event "Criciuma op"]
[Site "Criciuma"]
[Date "2023.01.14"]
[Round "2"]
[White "Nazario Sebastiao, Mariani"]
[Black "Pinto, Pedro Daminelli Lag"]
[Result "1-0"]
[WhiteElo "1549"]
[BlackElo "1800"]
[PlyCount "35"]
[EventDate "2023.01.13"]
[EventType "swiss"]
[EventRounds "9"]
[EventCountry "BRA"]
[SourceTitle "CBM 212 Extra"]
[Source "ChessBase"]
[SourceDate "2023.03.31"]
[SourceVersion "1"]
[SourceVersionDate "2023.03.31"]
[SourceQuality "1"]

1. e4 g6 2. d4 Bg7 3. Nf3 d6 4. h3 h5 5. Nc3 Nf6 6. Bf4 a6 7. Qd2 b5 8. a3 Bb7 9. Bd3 d5 10. e5 Ne4 11. Qe3 Nxc3 12. bxc3 Nc6 13. e6 fxe6 14. Qxe6 Qd7 15. Qxg6+ Kf8 16. Ng5 e6 17. Nh7+ Kg8 18. Nf6+ 1-0